Statistics for Biggest Empires

Click here to take the quiz!

General Stats

  • This quiz has been taken 35 times
    (15 since last reset)
  • The average score is 13 of 30

Answer Stats

HintAnswer% Correct
26.35%BIG 1British Empire/UK/United Kingdom
100%
17.81%BIG 2Mongol Empire/Mongolia/Mongol/Yuan Dynasty
100%
16.92%BIG 3Russian Empire/Russia
100%
8.16%9Yuan Dynasty/Mongol/Mongol Empire
100%
10.91%4Qing Dynasty/China/Qing/Qing Empire/Chinese Empire
90%
5.27%13Iberian Union/Spanish Empire/Portugese Empire/Portugal/Spain/Iberia
80%
10.17%5Spanish Empire/Spain
80%
3.86%24Ottoman Empire
70%
8.53%6Second French Colonial Empire/France/French Empire
70%
4.08%21Second Portuguese Empire/Portugal
70%
6.32%11Japanese Empire/Empire Of Japan/Japan
60%
4.08%20Achaemenid Empire
50%
6.19%12Empire Of Brazil/Brazillian Empire/Brazil
50%
3.71%26Roman Empire
40%
8.24%7Abbasid Caliphate
20%
4.82%14Eastern Han Empire/Han/East Han Empire/Easter Han Dynasty
20%
4.45%18Golden Horde
20%
3.86%23Macedonian Empire
20%
4.82%15Ming Dynasty/Ming Empire
20%
4.75%16Rashidun Caliphate
20%
8.24%8Ummayad Caliphate/Arabian Empire/Umayad Empire
20%
6.68%10Xiongnu Empire
20%
3.29%30First Mexican Empire
10%
4.45%17First Turkic Khaganate
10%
3.71%25Northern Yuan Dynasty
10%
4.01%22Tang Dynasty
10%
3.41%28Tibetan Empire
10%
4.45%19Western Han Dynasty
10%
3.34%29Xianbei State
10%
3.49%27Xin Dynasty
10%

Score Distribution

Percentile by Number Answered

Percent of People with Each Score

Your Score History

You have not taken this quiz since the last reset